000 nam a22 7a 4500
999 _c40952
_d40952
003 OSt
005 20180127124116.0
008 180127b xxu||||| |||| 00| 0 eng d
040 _csero soft
100 _aGoel.Hemant Kumar
245 _aTeaching of Computer Science
260 _aMeerut
_bR.Lall
300 _a256
942 _2ddc
_c02